000 01109nam0a22003011 4500
001 RU\NLR\INFOCOMM_195\5000064038
005 20250613095128.0
035 _a(NLR Aleph) 009286384
090 _a9192823
_c9192823
100 _a20100922d1980 |||y0rusy50 ca
101 1 _aeng
_crus
102 _aRU
105 _aa ||||000|y
200 1 _aDifferential equations and the calculus of variations
_fL. Elsgolts
_gTransl. from the Russ. by George Yankovsky
205 _a3d print. [!]
210 _aΜ.
_cMir
_d1980
215 _a440 с.
_cил.
_d22 см
300 _aДоп. тит. л. на рус. яз.: Л. Э. Эльсгольц. Дифференциальные уравнения и вариационное исчисление
320 _a"Recommended literature": с. 436
686 _aМт270[В161.6, 0]
_2rubbk
686 _aМт-590[В161.8, 0]
_2rubbk
700 1 _9z01790
_aÉl'sgol'c
_bL. É.
_f1909-1967
_gLev Érnestovič
_4070
790 1 _9z01700
_aElsgolts
_bL.
_4070
801 1 _aRU
_bNLR
_c20100922
801 0 _aRU
_bNLR
_gPSBO
852 _aNLR
_jМт01 Д-5/473
942 _cBOOK
980 _aNB